| 000 | 00434nam a2200157Ia 4500 | ||
|---|---|---|---|
| 008 | 240729s9999 xx 000 0 und d | ||
| 022 | _a1876-441X | ||
| 245 | 0 | _aHong Kong Physiotherapy Journal | |
| 260 | _aSingapore | ||
| 260 | _bWorld Scientific Publishing | ||
| 650 | _a Therapeutics. Pharmacology | ||
| 650 | _aMedicine | ||
| 856 | _uhttps://doaj.org/toc/69a587ff0aaf4e8387ab3b5b6d99a634 | ||
| 942 | _2ddc | ||
| 942 | _cDOAJEJ | ||
| 999 |
_c65835 _d65835 |
||
| 945 |
_a1 _bMadushi Gamage _c1 _dMadushi Gamage |
||